000 00767cam a22002291 4500
001 gs 52000062
003 DLC
005 20260227111358.0
008 911203s1950 bl bf 000 0 por c
010 _ags 52000062
035 _a(OCoLC)24880762
040 _aU.S. Geol. Survey. Libr.
_cTxU
_dTxU
_dDLC
042 _apremarc
050 0 0 _aTN41
_b.A3 no. 86
100 1 _aPinto, Mario da Silva,
_d1907-
245 0 3 _aAs perspectivas da mineração no Brasil.
260 _aRio de Janeiro,
_c1950.
300 _a40 p.
_bmaps (part fold.) plates.
_c23 cm.
490 1 _aDivisão de Fomento da Produção Mineral. Boletim
_vno. 86
650 0 _aMines and mineral resources
_zBrazil.
830 0 _aBoletim (Brazil. Divisão de Fomento da Produção Mineral) ;
_vno. 86.
999 _c28617
_d28617